000 02707nam0a2200433 4500
001 RU\NLR\BIBL_A\011739871
005 20250630160323.0
020 _aRU
_b16459
_9Сводный каталог листовок первых лет Советской власти (25 октября (7 ноября) 1917 - 1925) Т.5. Листовки советских, партийных, профсоюзных, комсомольских и других организаций Уральской области, автономных областей и республик РСФСР. Ч.2
035 _a(NLR Aleph) 011739871
090 _a11572739
_c11572739
100 _a20180629d1922 |||y0rusy50 ca
101 0 _arus
102 _aRU
105 _ay z 000zy
135 _acrcn 024apada
200 1 _aПриказ учреждениям Свияжского кантонного комиссариата по военным делам № 68-й, 2 сент. 1922 г., г. Свияжск. (По Мобилизационному отделению): [О призыве граждан 1901 г. рождения
_eлистовка]
210 _aСвияжск
_cТип. Кантисполкома
_d1922, сент.]
215 _a1 с. в 2 стб.
_d46х18
300 _aПодписи: кантвоенком Бекметьев; пом. кантвоенкома Пучковский
325 1 _aКопия доступна в Электронной библиотеке РНБ
517 1 _aО призыве граждан 1901 г. рождения
607 _aРСФСР
_jЛистовки
_xПолитика и управление
_y1917 - 1925
_92312782
_3RU\NLR\auth\6601609564
686 0 _aТ3(2)71-313,011
702 1 _aБекметьев
_cвоен. комиссар, г. Свияжск
_4720
702 1 _aПучковский
_cучастник воен. управления, г. Свияжск
_4720
710 0 2 _aСвияжский кантонный комиссариат по военным делам
_9638492
_3RU\NLR\AUTH\880489052
852 0 0 _aNLR
_bФЛ
_j34/14
856 0 _uhttps://vivaldi.nlr.ru/ll000011388/view
856 1 _uhttps://vivaldi.nlr.ru/ll000011388/cover
856 2 _uhttps://vivaldi.nlr.ru/ll000011388/text
942 _cBOOK
980 _aNB
981 2 2 _a(22) Материалы по истории России
_b(22) История России с 25 октября (7 ноября) 1917 года
981 2 1 _a(21) Листовки
_b(21) Листовки 1920 года